| 000 | 01697cam a22004934i 4500 | ||
|---|---|---|---|
| 003 | PE-LiUPU | ||
| 005 | 20250731180050.0 | ||
| 008 | 140630s1981 sp ad g spa | ||
| 020 | _a8428206015 | ||
| 035 | _a(Sirsi) i9788428206013 | ||
| 040 |
_aPE-LiUPU _bspa _cPE-LiUPU _erda |
||
| 049 | _aPRUA | ||
| 082 | 0 | 4 |
_a551.48 _bW54 |
| 100 | 1 |
_aWetzel, Robert G., _eautor. |
|
| 245 | 1 | 0 |
_aLimnología / _cRobert G. Wetzel. |
| 336 |
_atext _2rdacontent |
||
| 337 |
_aunmediated _2rdamedia |
||
| 338 |
_avolume _2rdacarrier |
||
| 505 | 0 | _aEl agua como sustancia -- Los lagos. Su distribución, orígenes y formas -- La economía del agua -- La luz en los lagos -- El calor -- Movimientos del agua -- Oxígeno -- Salinidad de las aguas continentales -- Carbono inorgánico -- El ciclo | |
| 526 | _aSEG44 | ||
| 526 | _aSEG26 | ||
| 526 | _aP159 | ||
| 526 | _aP155 | ||
| 526 | _aP154 | ||
| 526 | _aP153 | ||
| 526 | _aP150 | ||
| 526 | _aP100 | ||
| 526 | _aP31 | ||
| 526 | _aP30 | ||
| 526 | _aP26 | ||
| 526 | _aP25 | ||
| 526 | _aP24 | ||
| 526 | _aP22 | ||
| 526 | _aP15 | ||
| 526 | _aP10 | ||
| 650 | 1 | 4 | _aLimnología |
| 910 |
_agl20131121 _cbd |
||
| 942 |
_2ddc _cBOOK |
||
| 949 |
_a551.48 W54 _wDEWEY _c1 _i69205 _d2015-9-10 _e2015-9-9 _lCCODEBUL1 _mBUL _n1 _p215.00 _r0 _sY _tBOOK _u2015-7-6 _xINGENIERIA _PP24 _0COMPRA _o.STAFF. Colección General |
||
| 994 |
_aC0 _bPEPRU |
||
| 596 | _a1 | ||
| 999 |
_a551.48 W54 _wDEWEY _c5932 _i69205 _d5932 _e2015-9-9 _f2021-11-9 _g7 _lCCODEBUL1 _mBUL _n1 _p215.00 _r0 _sY _tBOOK _u2015-7-6 _xINGENIERIA _PP24 _0COMPRA _o.STAFF. Colección General |
||
| 980 |
_81 _gALBERTO SANCHEZ Responsable de Automatización |
||